00604 2200193 4500001002100000005001500021035002000036245013000056100001900186250001200205300003100217260004700248082000800295084001400303020002200317008003900339990001600378990001600394INLIS00000000000195120191017022929 a0010-10190001451 aWiliam :bAku adalah jiwa mati yang paling berbahagia.Hidup sesungguhnya,dimulai saat aku tak lagi bernapas /cRisa Saraswati0 aRisa Saraswati aCet1.-- aviii+208 hlm ;c14 x 20 cm aJakarta :bPT. Bukune Kreatif Cipta,c2017 a813 a813 RIS w a978-602-220-226-4191017 | | |  a00000001680 a00000001680